[Event "18th ECC w 2013"]
[Site "Rhodes GRE"]
[Date "2013.10.22"]
[Round "3.3"]
[White "Zhukova, Natalia"]
[Black "Harika, Dronavalli"]
[Result "1/2-1/2"]
[WhiteTitle "GM"]
[BlackTitle "GM"]
[WhiteElo "2456"]
[BlackElo "2475"]
[WhiteTeam "Jelica PEP"]
[BlackTeam "Mika Chess Club"]
[WhiteFideId "14101513"]
[BlackFideId "5015197"]
[EventDate "2013.10.20"]

1. d4 Nf6 2. c4 e6 3. Nf3 d5 4. Nc3 Be7 5. Bg5 h6 6. Bxf6 Bxf6 7. e3 O-O 8. Qc2
c5 9. dxc5 Qa5 10. cxd5 exd5 11. O-O-O Bxc3 12. Qxc3 Qxc3+ 13. bxc3 Be6 14. Nd4
Rc8 15. e4 Rxc5 16. Nxe6 fxe6 17. exd5 exd5 18. Rxd5 Rxc3+ 19. Kb2 Rc8 20. Bb5
Nc6 21. Rhd1 a6 22. Ba4 Kh8 23. Rc1 b5 24. Rdc5 Ne7 25. Bb3 Rf8 26. f3 Nf5 27.
g3 Rad8 28. f4 Nd4 29. Bd1 b4 30. Bg4 Nb5 31. R1c4 Rd2+ 32. Kb3 Rd3+ 33. Kb2
Rd2+ 34. Kb3 Rd3+ 35. Kb2 1/2-1/2

[Event "18th ECC w 2013"]
[Site "Rhodes GRE"]
[Date "2013.10.22"]
[Round "3.3"]
[White "Mkrtchian, Lilit"]
[Black "Vojinovic, Jovana"]
[Result "1/2-1/2"]
[WhiteTitle "IM"]
[BlackTitle "WGM"]
[WhiteElo "2469"]
[BlackElo "2347"]
[WhiteTeam "Mika Chess Club"]
[BlackTeam "Jelica PEP"]
[WhiteFideId "13300601"]
[BlackFideId "937266"]
[EventDate "2013.10.20"]

1. c4 e6 2. g3 Nf6 3. Bg2 d5 4. Nf3 Be7 5. d4 O-O 6. Qc2 c6 7. Nbd2 b6 8. O-O
Nbd7 9. e4 Bb7 10. e5 Ne8 11. cxd5 cxd5 12. Rd1 Qc8 13. Qb3 Ba6 14. Bf1 Bxf1 15.
Nxf1 Qa6 16. Bf4 Nc7 17. Rdc1 Rfc8 18. Rc6 Qb7 19. Rac1 Na6 20. R6c3 Rxc3 21.
Qxc3 b5 22. Qb3 b4 23. a4 Rc8 24. Qd1 Nab8 25. b3 Rxc1 26. Qxc1 Nc6 27. g4 Na5
28. N1d2 Qc6 29. Qxc6 Nxc6 30. Be3 Bd8 31. Ne1 f6 32. exf6 Nxf6 33. f3 Bb6 34.
Nc2 Nd7 35. Kf1 Kf7 36. Ke2 e5 37. dxe5 d4 38. Bf4 Ke6 39. Ne1 Bc7 40. Bg3 Ndxe5
41. Bxe5 Nxe5 42. h3 Kd5 43. Nd3 Nxd3 44. Kxd3 g5 45. Ne4 Bd8 46. Ke2 Be7 47.
Nf2 Bd6 48. Nd3 a5 49. Nb2 Bf4 50. Kd3 Bb8 51. Nc4 Bc7 52. Nd2 Bd6 53. Ne4 Be7
54. Ng3 Bd8 55. Ne2 Bb6 56. f4 gxf4 57. Nxf4+ Ke5 58. Ne2 Kd5 59. Ng1 Ke5 60.
Ne2 Kd5 61. h4 Ke5 62. g5 Kf5 63. Nxd4+ Bxd4 64. Kxd4 Kg4 65. Ke4 Kxh4 66. Kf4
Kh5 67. Kf5 Kh4 68. Kf4 Kh5 69. Kf5 1/2-1/2

[Event "18th ECC w 2013"]
[Site "Rhodes GRE"]
[Date "2013.10.22"]
[Round "3.3"]
[White "Rakic, Marija"]
[Black "Danielian, Elina"]
[Result "0-1"]
[WhiteTitle "WIM"]
[BlackTitle "GM"]
[WhiteElo "2296"]
[BlackElo "2471"]
[WhiteTeam "Jelica PEP"]
[BlackTeam "Mika Chess Club"]
[WhiteFideId "936286"]
[BlackFideId "13300210"]
[EventDate "2013.10.20"]

1. d4 Nf6 2. c4 e6 3. Nc3 c5 4. d5 exd5 5. cxd5 d6 6. Nf3 g6 7. e4 Bg7 8. Nd2
O-O 9. Be2 Na6 10. O-O Nc7 11. a4 Re8 12. Re1 b6 13. Ra3 Rb8 14. Qc2 Bg4 15. Nc4
Bxe2 16. Rxe2 a6 17. Nb1 b5 18. Na5 Ncxd5 19. axb5 Nb4 20. Qd1 axb5 21. Nc3 Qb6
22. Bf4 Rbd8 23. h3 Nh5 24. Bh2 c4 25. Nd5 Nxd5 26. Qxd5 Nf6 27. Qb7 Qc5 28. Nc6
Rd7 29. Qa6 Rc7 30. Nb4 Bf8 31. Qa5 Rxe4 32. Na6 Qd4 33. Rxe4 Nxe4 34. Bg3 Rb7
35. Qd8 Nxg3 36. Rxg3 Qxb2 37. Nb8 Qa1+ 38. Kh2 Qa8 0-1

[Event "18th ECC w 2013"]
[Site "Rhodes GRE"]
[Date "2013.10.22"]
[Round "3.3"]
[White "Javakhishvili, Lela"]
[Black "Eric, Jovana"]
[Result "1/2-1/2"]
[WhiteTitle "IM"]
[BlackTitle "WIM"]
[WhiteElo "2435"]
[BlackElo "2218"]
[WhiteTeam "Mika Chess Club"]
[BlackTeam "Jelica PEP"]
[WhiteFideId "13601458"]
[BlackFideId "938238"]
[EventDate "2013.10.20"]

1. d4 d5 2. Nf3 Nf6 3. c4 c6 4. Qc2 dxc4 5. Qxc4 Bf5 6. g3 Nbd7 7. Bg2 e6 8. O-O
Be7 9. Nc3 O-O 10. e3 Ne4 11. Rd1 Nxc3 12. bxc3 Be4 13. Qe2 Qa5 14. Bd2 Qh5 15.
h3 Rad8 16. a4 c5 17. a5 c4 18. g4 Qh6 19. Qxc4 Bxf3 20. Bxf3 Qxh3 21. Qe2 Bd6
22. Bg2 Qh2+ 23. Kf1 f5 24. g5 e5 25. Bd5+ Kh8 26. f4 Qh4 27. Be1 Qh3+ 28. Bg2
Qh2 29. dxe5 Bxe5 30. fxe5 f4 31. Bf3 Qh3+ 32. Qg2 Qe6 33. exf4 Rxf4 34. Kg1
Rdf8 35. Bd5 Qxe5 36. Bg3 Qe3+ 37. Kh1 Rg4 38. Rg1 Rxg5 39. c4 Rf6 40. Qe4 Rxg3
41. Qxe3 Rxe3 42. Rge1 Rg3 43. Re8+ Nf8 44. Ra2 Rg4 45. Rb8 h5 46. Rxb7 Ng6 47.
Rxa7 Nh4 48. a6 Nf5 49. Rg2 Rh4+ 50. Rh2 Ng3+ 51. Kg2 Rg4 52. Kh3 Nf5 53. Re2
Rfg6 54. Re4 Rg3+ 55. Kh2 Rg2+ 56. Kh1 Rd2 57. Ra8+ Kh7 58. Bg8+ Kh6 59. Re6
Ng3+ 60. Kg1 Rd1+ 61. Kg2 Rd2+ 62. Kf3 Rd3+ 63. Kg2 Rd2+ 64. Kf3 Rd3+ 65. Kg2
Rd2+ 66. Kg1 Rd1+ 67. Kg2 Rd2+ 68. Kf3 Rd3+ 69. Kg2 Rd2+ 70. Kf3 Rd3+ 71. Kf2
Rd2+ 72. Kf3 Rd3+ 73. Kf2 Rd2+ 74. Kf3 Rd3+ 75. Kf2 Rd2+ 1/2-1/2

[Event "18th ECC w 2013"]
[Site "Rhodes GRE"]
[Date "2013.10.22"]
[Round "3.4"]
[White "Nesic, Dragana"]
[Black "Lagno, Kateryna"]
[Result "0-1"]
[BlackTitle "GM"]
[WhiteElo "1842"]
[BlackElo "2534"]
[WhiteTeam "Rudar Prijedor"]
[BlackTeam "CS Politechnica-Antibiotice Iasi"]
[WhiteFideId "14403200"]
[BlackFideId "14109336"]
[EventDate "2013.10.20"]

1. e4 d6 2. d4 g6 3. Nf3 Nf6 4. Bd3 Bg7 5. h3 O-O 6. O-O Nc6 7. c3 e5 8. dxe5
dxe5 9. Be3 Nh5 10. Bb5 Bd7 11. Nfd2 Nf4 12. Re1 Bxh3 13. Bxf4 exf4 14. gxh3
Qg5+ 15. Kh2 Qxb5 16. Nb3 Rad8 17. Qe2 Qxe2 18. Rxe2 Rd1 19. N1d2 Rxa1 20. Nxa1
Rd8 21. Nc2 Ne5 22. Ne1 b5 23. Kg2 c5 24. Nb3 c4 25. Rd2 Rd7 26. Rxd7 Nxd7 27.
Nd4 a6 0-1

[Event "18th ECC w 2013"]
[Site "Rhodes GRE"]
[Date "2013.10.22"]
[Round "3.4"]
[White "Cmilyte, Viktorija"]
[Black "Plivcevic, Ivana"]
[Result "1-0"]
[WhiteTitle "GM"]
[WhiteElo "2505"]
[BlackElo "1881"]
[WhiteTeam "CS Politechnica-Antibiotice Iasi"]
[BlackTeam "Rudar Prijedor"]
[WhiteFideId "12801259"]
[BlackFideId "14402882"]
[EventDate "2013.10.20"]

1. d4 Nf6 2. c4 d6 3. g3 Nbd7 4. Bg2 c6 5. Nf3 a5 6. Nc3 g6 7. e4 e5 8. O-O Bg7
9. h3 O-O 10. Be3 Nh5 11. d5 Nb6 12. Qe2 Bd7 13. dxc6 Bxc6 14. Rfd1 Nc8 15. c5
Qc7 16. cxd6 Nxd6 17. Rac1 Qb8 18. Bc5 Rd8 19. Nd5 Kh8 20. Ng5 Bxd5 21. Rxd5 Kg8
22. Rcd1 Ra6 23. Qd2 Bf8 24. f4 exf4 25. e5 fxg3 26. exd6 Nf6 27. Rd3 h6 28. Qf4
hxg5 29. Qxf6 Bg7 30. Qxg5 Qc8 31. d7 Qc7 32. Be7 1-0

[Event "18th ECC w 2013"]
[Site "Rhodes GRE"]
[Date "2013.10.22"]
[Round "3.4"]
[White "Jacimovic, Sara"]
[Black "Bulmaga, Irina"]
[Result "0-1"]
[BlackTitle "IM"]
[WhiteElo "2000"]
[BlackElo "2401"]
[WhiteTeam "Rudar Prijedor"]
[BlackTeam "CS Politechnica-Antibiotice Iasi"]
[WhiteFideId "14403668"]
[BlackFideId "13903063"]
[EventDate "2013.10.20"]

1. d4 Nf6 2. Nf3 e6 3. g3 b5 4. Bg2 Bb7 5. O-O d5 6. c3 Nbd7 7. Qd3 a6 8. a4 c5
9. axb5 c4 10. Qc2 axb5 11. Rxa8 Qxa8 12. Nbd2 Bd6 13. b3 cxb3 14. Qxb3 Bc6 15.
Bb2 O-O 16. Ra1 Qb7 17. Ne1 Nb6 18. Ba3 Bxa3 19. Rxa3 h5 20. Nd3 Nc4 21. Nxc4
dxc4 22. Bxc6 Qxc6 23. Ne5 Qd5 24. Qb4 Ng4 25. Nxg4 hxg4 26. Ra5 Qe4 27. Qb2 b4
28. cxb4 Rd8 29. e3 Qd3 30. Ra3 Qd1+ 31. Kg2 e5 32. Ra1 Qf3+ 33. Kg1 exd4 34.
exd4 c3 35. Qa3 Rxd4 36. Qa8+ Kh7 37. Qxf3 gxf3 38. Kf1 c2 39. Ke1 Rxb4 40. Rc1
Re4+ 41. Kd2 Re2+ 42. Kd3 Rxf2 43. Ke3 Rxh2 44. Kxf3 Kg6 45. Ra1 Kf6 46. Ra6+
Ke5 47. Rc6 Kd4 0-1

[Event "18th ECC w 2013"]
[Site "Rhodes GRE"]
[Date "2013.10.22"]
[Round "3.4"]
[White "L'Ami, Alina"]
[Black "Djukic, Sandra"]
[Result "1-0"]
[WhiteTitle "WGM"]
[WhiteElo "2362"]
[BlackElo "2150"]
[WhiteTeam "CS Politechnica-Antibiotice Iasi"]
[BlackTeam "Rudar Prijedor"]
[WhiteFideId "1210246"]
[BlackFideId "931390"]
[EventDate "2013.10.20"]

1. d4 Nf6 2. c4 c5 3. d5 b5 4. cxb5 a6 5. f3 d6 6. e4 g6 7. Nc3 Bg7 8. bxa6 Bxa6
9. Bxa6 Nxa6 10. Nge2 O-O 11. O-O Qb6 12. Na4 Qb7 13. Be3 Nd7 14. Rb1 Rfb8 15.
b3 Nc7 16. Nac3 Qa6 17. Qd2 Rb4 18. h4 Ne5 19. h5 Nb5 20. h6 Nxc3 21. Nxc3 Bh8
22. Kh1 Qa5 23. Rfc1 Qa6 24. a4 Rb7 25. Nb5 Rf8 26. f4 Ng4 27. f5 Nxe3 28. Qxe3
Be5 29. Na3 Bd4 30. Qf3 Qa5 31. Nc4 Qd8 32. Rf1 Rb4 33. a5 Rb5 34. Qd3 Rxa5 35.
Nxa5 Qxa5 36. b4 Qa7 37. b5 Qb6 38. fxg6 hxg6 39. g4 Kh7 40. g5 c4 41. Qxc4 Be5
42. Rf3 f5 43. exf5 gxf5 44. Qd3 Kg6 45. Rbf1 1-0

[Event "18th ECC w 2013"]
[Site "Rhodes GRE"]
[Date "2013.10.22"]
[Round "3.5"]
[White "Daulyte, Deimante"]
[Black "Novkovic, Julia"]
[Result "1/2-1/2"]
[WhiteTitle "WGM"]
[BlackTitle "WFM"]
[WhiteElo "2364"]
[BlackElo "2105"]
[WhiteTeam "MRU - Vilniaus Fortas"]
[BlackTeam "ASVOE Pamhagen"]
[WhiteFideId "12802859"]
[BlackFideId "12000086"]
[EventDate "2013.10.20"]

1. e4 e5 2. Nf3 Nc6 3. Bc4 Nf6 4. d3 Be7 5. O-O d6 6. a4 O-O 7. a5 a6 8. c3 Kh8
9. Qb3 Qe8 10. Re1 Nh5 11. Be3 f5 12. exf5 Rxf5 13. Nbd2 Qg6 14. Kh1 Nf4 15.
Bxf4 Rxf4 16. Re4 Rxe4 17. dxe4 Nd8 18. Qc2 Ne6 19. g3 Bd7 20. b4 Rf8 21. Qd3
Qh5 22. Rf1 Nd8 23. Ng1 Rf6 24. f3 Rg6 25. Ne2 Rh6 26. Rf2 Qe8 27. Nf1 Bg5 28.
Ne3 Bxe3 29. Qxe3 Rf6 30. Nc1 Bc6 31. Nd3 h6 32. Ne1 Nf7 33. h4 Nd8 34. Kh2 Bd7
35. Ng2 Bc8 36. g4 Rf8 37. h5 Be6 38. Bd5 c6 39. Bxe6 Nxe6 40. Rd2 Ng5 41. Nh4
Rf6 42. Nf5 Qb8 43. c4 Qc7 44. Kg3 c5 45. bxc5 dxc5 46. Qc3 Ne6 1/2-1/2

[Event "18th ECC w 2013"]
[Site "Rhodes GRE"]
[Date "2013.10.22"]
[Round "3.5"]
[White "Hapala, Lisa"]
[Black "Zaksaite, Salomeja"]
[Result "0-1"]
[BlackTitle "WIM"]
[WhiteElo "2018"]
[BlackElo "2184"]
[WhiteTeam "ASVOE Pamhagen"]
[BlackTeam "MRU - Vilniaus Fortas"]
[WhiteFideId "1622080"]
[BlackFideId "12801496"]
[EventDate "2013.10.20"]

1. e4 c5 2. Nf3 e6 3. d4 cxd4 4. Nxd4 Nf6 5. Nc3 Nc6 6. Ndb5 d6 7. Bf4 e5 8. Bg5
a6 9. Na3 b5 10. Nd5 Be7 11. Bxf6 Bxf6 12. c3 O-O 13. Nc2 Rb8 14. a4 bxa4 15.
Ncb4 Nxb4 16. Nxb4 Bb7 17. Qxa4 a5 18. Nc2 Qb6 19. Ra2 d5 20. Qxa5 Qe6 21. Qb5
Bc6 22. Qe2 dxe4 23. c4 Bg5 24. Ne3 Be7 25. Nc2 Rfd8 26. Qe3 h6 27. h4 f5 28.
Qc3 Bc5 29. b4 Qd6 30. Be2 Rxb4 31. O-O Rbb8 32. Ne3 Bd4 33. Qc2 f4 34. Nd5 Bxd5
35. cxd5 f3 36. gxf3 Qg6+ 37. Kh2 Qh5 38. Qxe4 Rf8 39. Qg4 Qxg4 40. fxg4 Bxf2
41. h5 Bc5 42. Rc2 Bd6 43. Rxf8+ Kxf8 44. Kg2 Ke7 45. Bd3 Rb4 46. Bf5 Rd4 47.
Be6 e4 48. Re2 Bf4 49. Bf5 e3 50. Be6 Kd6 51. Kf3 Ke5 52. Re1 Rd2 53. Re2 Rd1
54. Kg2 Ke4 55. Bf5+ Kxd5 56. Kf3 Bg5 57. Kg2 Kd4 58. Kf3 Rf1+ 59. Kg2 Ra1 60.
Kf3 Bh4 61. Kg2 Be1 62. Bg6 Bd2 63. Bf5 Ke5 64. Bg6 Kf4 65. Bf5 Ra5 66. Bd7 Rg5
67. Bc8 Rxg4+ 68. Bxg4 Kxg4 69. Kf1 Kxh5 70. Rg2 g5 71. Rh2+ Kg6 72. Re2 g4 73.
Kg2 Kg5 74. Kg3 h5 75. Kg2 Kf4 76. Kf1 h4 77. Kg2 h3+ 78. Kg1 g3 79. Kf1 g2+ 80.
Kg1 Ke5 0-1

[Event "18th ECC w 2013"]
[Site "Rhodes GRE"]
[Date "2013.10.22"]
[Round "3.5"]
[White "Batkovskyte, Dominyka"]
[Black "Horvath, Maria"]
[Result "1-0"]
[BlackTitle "WFM"]
[WhiteElo "2082"]
[BlackElo "2036"]
[WhiteTeam "MRU - Vilniaus Fortas"]
[BlackTeam "ASVOE Pamhagen"]
[WhiteFideId "12803243"]
[BlackFideId "1601660"]
[EventDate "2013.10.20"]

1. d4 d5 2. c4 c6 3. Nc3 Nf6 4. e3 a6 5. Nf3 b5 6. b3 Bg4 7. Be2 e6 8. O-O Nbd7
9. Bb2 Bd6 10. h3 Bh5 11. Ne5 Bxe2 12. Nxe2 Rc8 13. Qd3 O-O 14. Rfc1 Nb8 15. Rc2
Qe7 16. Rac1 Qb7 17. Ng3 Rfd8 18. Qe2 bxc4 19. bxc4 Nbd7 20. Qf3 Nf8 21. Bc3
Bxe5 22. dxe5 N6d7 23. Nh5 Ng6 24. Qg3 Re8 25. h4 Nc5 26. Nxg7 Kxg7 27. h5 Ne4
28. Qg4 Qe7 29. hxg6 hxg6 30. f3 Nxc3 31. Rxc3 Rcd8 32. cxd5 cxd5 33. Rc7 Rd7
34. R7c6 Qa3 35. Qf4 Qxa2 36. Qf6+ Kg8 37. Rc8 1-0

[Event "18th ECC w 2013"]
[Site "Rhodes GRE"]
[Date "2013.10.23"]
[Round "4.1"]
[White "Kosteniuk, Alexandra"]
[Black "Hou, Yifan"]
[Result "0-1"]
[WhiteTitle "GM"]
[BlackTitle "GM"]
[WhiteElo "2495"]
[BlackElo "2621"]
[WhiteTeam "SHSM Nashe Nasledie"]
[BlackTeam "Cercle d'Echecs de Monte-Carlo"]
[WhiteFideId "4128125"]
[BlackFideId "8602980"]
[EventDate "2013.10.20"]

1. e4 c5 2. Nf3 e6 3. d4 cxd4 4. Nxd4 Nc6 5. Nc3 d6 6. Be3 Nf6 7. f4 Be7 8. Qf3
Qc7 9. O-O-O a6 10. h3 Rb8 11. g4 b5 12. g5 Nd7 13. Nxc6 Qxc6 14. Bg2 Bb7 15.
Bd4 O-O 16. Rhe1 Rfc8 17. Rd2 Qc7 18. Kb1 Qa5 19. Qe3 b4 20. Ne2 e5 21. fxe5
Nxe5 22. b3 Ng6 23. h4 Nxh4 24. Bh1 Bxg5 25. Qg1 Ng6 26. Rd3 Rxc2 27. Kxc2 Qxa2+
28. Bb2 Bf6 29. Kd2 Qxb2+ 30. Ke3 h6 31. Red1 Bg5+ 32. Kf2 Nf4 33. Re3 Bc6 34.
Rb1 Qf6 35. Ke1 Nxe2 36. Rxe2 Qc3+ 37. Kf2 Bb5 0-1

[Event "18th ECC w 2013"]
[Site "Rhodes GRE"]
[Date "2013.10.23"]
[Round "4.1"]
[White "Koneru, Humpy"]
[Black "Gunina, Valentina"]
[Result "1-0"]
[WhiteTitle "GM"]
[BlackTitle "GM"]
[WhiteElo "2607"]
[BlackElo "2506"]
[WhiteTeam "Cercle d'Echecs de Monte-Carlo"]
[BlackTeam "SHSM Nashe Nasledie"]
[WhiteFideId "5008123"]
[BlackFideId "4167570"]
[EventDate "2013.10.20"]

1. d4 d5 2. c4 c6 3. Nc3 Nf6 4. e3 e6 5. Nf3 a6 6. b3 Bb4 7. Bd2 Nbd7 8. Bd3 O-O
9. O-O Bd6 10. Qc2 h6 11. Rad1 e5 12. cxd5 cxd5 13. e4 dxe4 14. Nxe4 Nxe4 15.
Bxe4 exd4 16. Bc1 Qf6 17. Nxd4 Nc5 18. Bh7+ Kh8 19. Bb2 Bg4 20. Rde1 Nd7 21. h3
Rac8 22. Qb1 Bxh3 23. Nf3 Qf4 24. Re4 Bf5 25. Bxf5 Qxf5 26. Rd4 Qe6 27. Re1 Ne5
28. Nxe5 Bxe5 29. Rxe5 Qxe5 30. Rg4 Rc3 31. Rc4 Rxb3 32. axb3 Qh5 33. Qd3 Re8
34. Bc3 Qg5 35. Qf3 Qe7 36. Qg3 Qf8 37. Rc7 b5 38. Rc6 Re6 39. Rc8 Re1+ 40. Kh2 1-0

[Event "18th ECC w 2013"]
[Site "Rhodes GRE"]
[Date "2013.10.23"]
[Round "4.1"]
[White "Kovalevskaya, Ekaterina"]
[Black "Muzychuk, Anna"]
[Result "1-0"]
[WhiteTitle "IM"]
[BlackTitle "GM"]
[WhiteElo "2410"]
[BlackElo "2560"]
[WhiteTeam "SHSM Nashe Nasledie"]
[BlackTeam "Cercle d'Echecs de Monte-Carlo"]
[WhiteFideId "4116704"]
[BlackFideId "14111330"]
[EventDate "2013.10.20"]

1. Nf3 f5 2. g3 Nf6 3. Bg2 g6 4. O-O Bg7 5. c4 O-O 6. Nc3 d6 7. d4 Nc6 8. d5 Na5
9. Qd3 e5 10. dxe6 Bxe6 11. b3 Nc6 12. Bb2 Ne4 13. Rac1 Nb4 14. Qb1 Nxc3 15.
Bxc3 Bxc3 16. Rxc3 Qf6 17. Rcc1 f4 18. Qa1 Bg4 19. Qxf6 Rxf6 20. h3 Bd7 21. a3
Nc6 22. gxf4 Rxf4 23. Rfd1 Re8 24. e3 Rf6 25. c5 Ref8 26. cxd6 cxd6 27. Ng5 Rxf2
28. Rxd6 Ne5 29. Rc7 R2f5 30. h4 h6 31. Ne6 R8f6 32. Rdxd7 Nxd7 33. Nd4 Re5 34.
Rxd7 Rxe3 35. Bxb7 Rd3 36. Bd5+ Kh8 37. Rd8+ Kh7 38. Rd7+ Kh8 39. Rd8+ Kh7 40.
Bg8+ Kg7 41. Bc4 Rh3 42. Ne6+ Kh7 43. Nf8+ Kg7 44. Nd7 1-0

[Event "18th ECC w 2013"]
[Site "Rhodes GRE"]
[Date "2013.10.23"]
[Round "4.2"]
[White "Ushenina, Anna"]
[Black "Harika, Dronavalli"]
[Result "1/2-1/2"]
[WhiteTitle "GM"]
[BlackTitle "GM"]
[WhiteElo "2497"]
[BlackElo "2475"]
[WhiteTeam "Ugra"]
[BlackTeam "Mika Chess Club"]
[WhiteFideId "14110911"]
[BlackFideId "5015197"]
[EventDate "2013.10.20"]

1. d4 Nf6 2. c4 e6 3. Nc3 d5 4. cxd5 exd5 5. Bg5 c6 6. e3 Bf5 7. Qf3 Bg6 8. Bxf6
Qxf6 9. Qxf6 gxf6 10. h4 Nd7 11. Nge2 Bd6 12. Nc1 h6 13. Nd3 a5 14. a4 Rg8 15.
g3 Nb6 16. b3 Nc8 17. Kd2 Bc7 18. Rc1 Kd8 19. Nf4 Bxf4 20. gxf4 Nd6 21. Rg1 Ke7
22. Be2 Bh7 23. Rce1 Rxg1 24. Rxg1 Rg8 25. Rxg8 Bxg8 26. Bd3 f5 27. f3 f6 28.
Ne2 b6 29. Ng3 Be6 30. Kc3 c5 31. Bc2 Bc8 32. Bd3 Bd7 33. Bc2 Bc8 34. Bd3 Bd7
35. Bc2 1/2-1/2

[Event "18th ECC w 2013"]
[Site "Rhodes GRE"]
[Date "2013.10.23"]
[Round "4.2"]
[White "Mkrtchian, Lilit"]
[Black "Pogonina, Natalija"]
[Result "0-1"]
[WhiteTitle "IM"]
[BlackTitle "WGM"]
[WhiteElo "2469"]
[BlackElo "2485"]
[WhiteTeam "Mika Chess Club"]
[BlackTeam "Ugra"]
[WhiteFideId "13300601"]
[BlackFideId "4147855"]
[EventDate "2013.10.20"]

1. c4 e6 2. g3 d5 3. Bg2 d4 4. Nf3 c5 5. e3 Nc6 6. O-O Nf6 7. exd4 cxd4 8. d3
Be7 9. Re1 O-O 10. Ne5 Nxe5 11. Rxe5 Qc7 12. Re1 e5 13. Bg5 h6 14. Bxf6 Bxf6 15.
Nd2 g6 16. b4 Bg7 17. a4 Bd7 18. b5 h5 19. a5 Rab8 20. Bd5 Bf5 21. Qf3 Bg4 22.
Qg2 Bf5 23. Be4 Bxe4 24. Qxe4 Kh8 25. a6 b6 26. Rad1 f5 27. Qg2 Rf7 28. Qf3 Re8
29. Qd5 Rd7 30. Qf3 Rde7 31. Re2 Kh7 32. Rde1 Qd6 33. Qc6 Qa3 34. Nf3 Kh6 35.
Rd2 e4 36. Nh4 Re6 37. Qd7 R8e7 38. Qd5 e3 39. fxe3 dxe3 40. Rde2 Rd6 41. Qf3
Qxd3 42. Ng2 Kh7 43. Rc1 Qa3 44. Qf1 Qc5 45. Kh1 Re4 46. Rce1 Bh6 47. Rc2 Rd2
48. Rc3 Rf2 49. Qd3 Rd4 50. Qb1 Rdd2 51. Rg1 Qd4 52. Rcc1 Qg4 53. Rcf1 Rxf1 54.
Qxf1 e2 55. Qc1 Rd1 56. Qc3 Qe4 57. h4 Bg7 58. Qb4 Bd4 59. Re1 Bf2 60. Kh2 Qe5 0-1

[Event "18th ECC w 2013"]
[Site "Rhodes GRE"]
[Date "2013.10.23"]
[Round "4.2"]
[White "Kovanova, Baira"]
[Black "Danielian, Elina"]
[Result "1/2-1/2"]
[WhiteTitle "WGM"]
[BlackTitle "GM"]
[WhiteElo "2396"]
[BlackElo "2471"]
[WhiteTeam "Ugra"]
[BlackTeam "Mika Chess Club"]
[WhiteFideId "4164083"]
[BlackFideId "13300210"]
[EventDate "2013.10.20"]

1. c4 e5 2. Nc3 Nc6 3. g3 Nf6 4. Bg2 g6 5. e3 Bg7 6. Nge2 d6 7. O-O Be6 8. b3
Qd7 9. Nd5 O-O 10. Bb2 Bh3 11. d4 Bxg2 12. Kxg2 exd4 13. Nxd4 Nxd5 14. cxd5 Nb4
15. e4 a5 16. Qd2 Rfe8 17. f3 c5 18. dxc6 bxc6 19. a3 Na6 20. Rac1 Nc5 21. Rf2
Qb7 22. b4 axb4 23. axb4 Na4 24. Ba1 Nb6 25. Nb3 Bxa1 26. Nxa1 d5 27. Nb3 Nc4
28. Nc5 Qe7 29. Qd4 Rab8 30. Nd7 Qxd7 31. Rxc4 Re7 32. exd5 Qxd5 33. Qxd5 cxd5
34. Rd4 Rc7 35. Rxd5 Rxb4 36. Rfd2 Kg7 37. R5d3 h5 38. f4 h4 39. Kh3 hxg3 40.
hxg3 Rb1 41. Rd1 1/2-1/2

[Event "18th ECC w 2013"]
[Site "Rhodes GRE"]
[Date "2013.10.23"]
[Round "4.2"]
[White "Javakhishvili, Lela"]
[Black "Romanko, Marina"]
[Result "0-1"]
[WhiteTitle "IM"]
[BlackTitle "IM"]
[WhiteElo "2435"]
[BlackElo "2359"]
[WhiteTeam "Mika Chess Club"]
[BlackTeam "Ugra"]
[WhiteFideId "13601458"]
[BlackFideId "4149351"]
[EventDate "2013.10.20"]

1. d4 d5 2. c4 c6 3. Nf3 Nf6 4. Nc3 e6 5. e3 Nbd7 6. Bd3 dxc4 7. Bxc4 b5 8. Bd3
Bb7 9. a3 a5 10. O-O b4 11. Ne4 Be7 12. Nxf6+ Nxf6 13. e4 O-O 14. axb4 axb4 15.
Rxa8 Bxa8 16. Qc2 h6 17. Rd1 Qb8 18. Bc4 c5 19. d5 exd5 20. exd5 Rd8 21. Qb3 Qd6
22. Nh4 Bxd5 23. Bxd5 Nxd5 24. Nf5 Qe5 25. Nxe7+ Qxe7 26. h3 Nc7 27. Be3 Rxd1+
28. Qxd1 Ne6 29. Qd5 Qa7 30. b3 Qa1+ 31. Kh2 Qc3 32. Qa8+ Kh7 33. Qe4+ g6 34. f4
Kg7 35. g4 Nd4 36. f5 gxf5 37. Qe5+ Kh7 38. Qf4 Qc2+ 39. Kh1 Qe4+ 0-1

[Event "18th ECC w 2013"]
[Site "Rhodes GRE"]
[Date "2013.10.23"]
[Round "4.3"]
[White "Lagno, Kateryna"]
[Black "Zhukova, Natalia"]
[Result "1/2-1/2"]
[WhiteTitle "GM"]
[BlackTitle "GM"]
[WhiteElo "2534"]
[BlackElo "2456"]
[WhiteTeam "CS Politechnica-Antibiotice Iasi"]
[BlackTeam "Jelica PEP"]
[WhiteFideId "14109336"]
[BlackFideId "14101513"]
[EventDate "2013.10.20"]

1. c4 c5 2. Nf3 Nc6 3. d4 cxd4 4. Nxd4 e6 5. Nb5 Nf6 6. Bf4 e5 7. Bg5 Qa5+ 8.
Bd2 Qd8 9. Bg5 Qa5+ 10. Bd2 Qd8 11. Bg5 1/2-1/2

[Event "18th ECC w 2013"]
[Site "Rhodes GRE"]
[Date "2013.10.23"]
[Round "4.3"]
[White "Vojinovic, Jovana"]
[Black "Cmilyte, Viktorija"]
[Result "0-1"]
[WhiteTitle "WGM"]
[BlackTitle "GM"]
[WhiteElo "2347"]
[BlackElo "2505"]
[WhiteTeam "Jelica PEP"]
[BlackTeam "CS Politechnica-Antibiotice Iasi"]
[WhiteFideId "937266"]
[BlackFideId "12801259"]
[EventDate "2013.10.20"]

1. Nf3 g6 2. g3 Bg7 3. Bg2 f5 4. c3 e5 5. h4 e4 6. Nd4 c5 7. Nc2 Nf6 8. d4 b6 9.
dxc5 bxc5 10. h5 Bb7 11. hxg6 hxg6 12. Rxh8+ Bxh8 13. Qd6 Qb6 14. Bf4 Nd5 15.
Be5 Bf6 16. Nba3 Be7 17. Qxb6 axb6 18. O-O-O d6 19. Bg7 Bg5+ 20. Kb1 Kf7 21. Bh8
Nd7 22. Nb5 Be7 23. c4 Rxh8 24. cxd5 Rh2 25. Ne1 Nf6 26. Rd2 Nxd5 27. a3 Ke6 28.
e3 Ba6 29. Bf1 Rh1 0-1

[Event "18th ECC w 2013"]
[Site "Rhodes GRE"]
[Date "2013.10.23"]
[Round "4.3"]
[White "Bulmaga, Irina"]
[Black "Rakic, Marija"]
[Result "1-0"]
[WhiteTitle "IM"]
[BlackTitle "WIM"]
[WhiteElo "2401"]
[BlackElo "2296"]
[WhiteTeam "CS Politechnica-Antibiotice Iasi"]
[BlackTeam "Jelica PEP"]
[WhiteFideId "13903063"]
[BlackFideId "936286"]
[EventDate "2013.10.20"]

1. e4 c5 2. Nf3 d6 3. d4 cxd4 4. Nxd4 Nf6 5. Nc3 a6 6. Be3 e6 7. f3 b5 8. g4 Qc7
9. g5 Nfd7 10. Qd2 Nb6 11. a4 Nc4 12. Bxc4 bxc4 13. a5 Nd7 14. Na4 Rb8 15. O-O
Be7 16. Ne2 O-O 17. Nb6 Nxb6 18. axb6 Rxb6 19. Bxb6 Qxb6+ 20. Kh1 Qxb2 21. Ng3
d5 22. Rab1 Qe5 23. f4 Qc7 24. Nh5 e5 25. Qxd5 Be6 26. Qb7 Qc5 27. f5 Bc8 28.
Qd5 Qe3 29. Qxe5 Qxg5 30. Rg1 1-0